| 000 | 01883nam a2200397 4500 | ||
|---|---|---|---|
| 001 | 14023 | ||
| 003 | http://catalogue.bnf.fr/ark:/12148/cb48707748d | ||
| 005 | 20260226141747.0 | ||
| 010 |
_a9782487746244 _d12 EUR |
||
| 073 | 0 | _a9782487746244 | |
| 090 | _a14023 | ||
| 099 | _o0 | ||
| 100 | _a20260220d2026 m y0frey50 ba | ||
| 101 | 0 | _afre | |
| 102 | _aFR | ||
| 105 | _a||||z 00||| | ||
| 181 | 0 |
_601 _ai _bxxxe |
|
| 181 |
_602 _ctxt _2rdacontent |
||
| 182 | 0 |
_601 _an |
|
| 182 |
_602 _cn _2rdamedia |
||
| 200 | 1 |
_aÉcorces _bLIVR _ePolar forestier |
|
| 214 | 0 |
_cEsse que éditions _d2026 |
|
| 214 | 3 | _cImpr. Typolibris | |
| 214 | 0 | _aPantin | |
| 214 | 3 | _a22-Saint-Brieuc cedex 9 | |
| 215 | _a1 vol. (121 p.) | ||
| 215 | _d19 cm | ||
| 225 | 1 | _aThéâtre | |
| 323 | _a6 personnages | ||
| 330 | _aAu moment du décès de son père, Alba hérite de parcelles de forêts en Haute-Loire dont elle n avait jamais entendu parler. Elle découvre dans ses affaires une carte forestière portant de mystérieux symboles. La voici lancée sur la piste des coupes sauvages et des reforestations massives de résineux alignés pour les besoins de l industrie. Un monde s ouvre à elle, celui de l exploitation intensive des forêts, un monde en tension où des logiques opposées s affrontent. Au même moment, Mateus Borja, un garde forestier engagé pour la préservation des écosystèmes, disparaît. C est alors le début de cette enquête-polar menée par des gendarmes locaux pour le retrouver, une enquête qui les mènera sur la route de la spéculation et de l agro-business. | ||
| 610 |
_aécologie _aécosystème _aforêt _aenquête |
||
| 700 |
_aCarré _bAlice |
||
| 700 | _cAuteur du texte | ||
| 801 | 0 |
_aFR _bFR-751131015 _c20260220 _gAFNOR _hFRBNF487077480000001 |
|
| 856 | 2 |
_u1178884 _bPremière de couverture |
|
| 856 | 2 |
_u1178885 _bQuatrième de couverture |
|